000 00319nam a2200121Ia 4500
008 210210b1981 xxu||||| |||| 00| 0 eng d
082 _a158 DEMP
100 _aDE MELO (Francis), Ed.
245 _aYou and work student's workbook.
260 _aDelhi
_bFrank Bros & co.
_c1981
690 _aPsychology
906 _aSG01438
999 _c112701
_d112701